000 00466nam a2200181Ia 4500
008 240925s9999 xx 000 0 und d
020 _a71165363
082 _a621.382 LEE
100 _aLee , William . C .y
245 0 _aLee's Essentials of Wireless Communications
250 _aNA
260 _aToronto:
_bMc Graw-Hill
_c,2001.
300 _axi,412p.
_bNA
_fPhotocopy
500 _aNA
600 _aElectronic Engineering
650 _aTechnology
942 _cBK
999 _c7317
_d7317